000 00543nam a22002057a 4500
003 OSt
005 20140310184524.0
008 131019t xxu||||| |||| 00| 0 eng d
020 _a0439579198
050 _aPZ 7
_b.N791In 2003
100 _aNolen, Jerdine.
_930085
245 _aInvisible boy /
_cJerdine Nolen.
260 _aNew York :
_bScholastic Inc.,
_c2003.
300 _a54 p. :
_bill. ;
_c19 cm.
521 _aG1
526 _c230
650 _aFiction
_xJuvenile literature.
_930086
942 _2lcc
_cBK-SCHOLAS
999 _c35090
_d35090